| 000 | 00357nam a2200145Ia 4500 | ||
|---|---|---|---|
| 008 | 191201s2012 xx 000 0 und d | ||
| 082 |
_a910 _bBUP |
||
| 100 | _aBURROUGH, Peter A | ||
| 245 | 0 | _aPrinciples of geographical information system | |
| 250 | _aRep | ||
| 260 |
_aN. delhi _bOxford _c2012 |
||
| 300 | _a333 | ||
| 650 | _aB.Tech(CE) | ||
| 942 |
_2ddc _cBK |
||
| 999 |
_c5410 _d5410 |
||